Online
Catalog

Historia y lengua : (Record no. 53608)

MARC details
000 -CABECERA
campo de control de longitud fija 02061nam a2200349 i 4500
001 - NÚMERO DE CONTROL
campo de control 000006851
003 - IDENTIFICADOR DEL NÚMERO DE CONTROL
campo de control DO-SdBNP
005 - FECHA Y HORA DE LA ÚLTIMA TRANSACCIÓN
campo de control 20230524134741.0
007 - CAMPO FIJO DE DESCRIPCIÓN FÍSICA--INFORMACIÓN GENERAL
campo de control de longitud fija ta
008 - DATOS DE LONGITUD FIJA--INFORMACIÓN GENERAL
campo de control de longitud fija 090903s2022 dr 001 0 spa d
020 ## - NÚMERO INTERNACIONAL ESTÁNDAR DEL LIBRO
Número Internacional Estándar del Libro 9789945629163
040 ## - FUENTE DE LA CATALOGACIÓN
Centro catalogador/agencia de origen DO-SdBNP
Lengua de catalogación spa
Centro/agencia transcriptor BNPHU
Normas de descripción rda
082 #4 - NÚMERO DE LA CLASIFICACIÓN DECIMAL DEWEY
Número de clasificación 972.930
Número de documento/Ítem P438h, 2022
Número de edición 22
100 1# - ENTRADA PRINCIPAL--NOMBRE DE PERSONA
Nombre de persona Pérez Guerra, Irene
9 (RLIN) 19025
245 10 - MENCIÓN DE TÍTULO
Título Historia y lengua :
Resto del título la presencia canaria en Santo Domingo. El caso de Sabana de la Mar /
Mención de responsabilidad, etc. Irene Pérez Guerra.
264 ## - PRODUCCIÓN, PUBLICACIÓN, DISTRIBUCIÓN, FABRICACIÓN Y COPYRIGHT
Producción, publicación, distribución, fabricación y copyright Santo Domingo :
Nombre del de productor, editor, distribuidor, fabricante Patronato de la Ciudad Colonial de Santo Domingo:
-- Centro de Altos Estudios Humanísticos y del Idioma Español,
Fecha de producción, publicación, distribución, fabricación o copyright 2022
300 ## - DESCRIPCIÓN FÍSICA
Extensión 639 paginas. :
Otras características físicas ilustraciones ;
Dimensiones 28 cm.
336 ## - TIPO DE CONTENIDO
Fuente rdacontent
Término de tipo de contenido texto
Código de tipo de contenido txt
337 ## - TIPO DE MEDIO
Fuente rdamedia
Nombre/término del tipo de medio sin mediación
Código del tipo de medio n
338 ## - TIPO DE SOPORTE
Fuente rdacarrier
Nombre/término del tipo de soporte volumen
Código del tipo de soporte nc
490 ## - MENCIÓN DE SERIE
Mención de serie Ciencias sociales ;
Designación de volumen o secuencia 44
505 ## - NOTA DE CONTENIDO CON FORMATO
Nota de contenido con formato Dedicatoria 11 -- Presentación 13 -- Introducción 15 -- Planteamiento de la investigación 21 -- El proceso migratorio y de población canario en el contexto americano 27 -- El poblamiento canario en Santo Domingo 77 -- Sabana de la Mar. Fundación, desarrollo y situación actual 173 -- Marco teórico para el estudio de los elementos lingüísticos canarios en Saba de la Mar 243 -- Metodología del trabajo de campo y aspectos sociolingüísticos canarios en Sabana de la Mar 243 -- El léxico de Sabana de la Mar y su relación con el canario 281 -- Conclusiones 475 -- Bibliografía 479 -- Anexos 511 -- índice de términos 593 -- Índice onomástico 609 -- Índice toponímico 615 -- Colección del Banco Central de la República Dominicana 625
590 ## - NOTA LOCAL (RLIN)
Nota local Inventariado, 2023 / DG
650 #4 - PUNTO DE ACCESO ADICIONAL DE MATERIA--TÉRMINO DE MATERIA
Término de materia o nombre geográfico como elemento de entrada Español en República Dominicana
9 (RLIN) 18785
650 #4 - PUNTO DE ACCESO ADICIONAL DE MATERIA--TÉRMINO DE MATERIA
Término de materia o nombre geográfico como elemento de entrada Sabana de la Mar (República Dominicana)
Subdivisión general Historia
9 (RLIN) 19026
650 #4 - PUNTO DE ACCESO ADICIONAL DE MATERIA--TÉRMINO DE MATERIA
Término de materia o nombre geográfico como elemento de entrada Español en la Islas Canarias
9 (RLIN) 19027
650 #4 - PUNTO DE ACCESO ADICIONAL DE MATERIA--TÉRMINO DE MATERIA
Término de materia o nombre geográfico como elemento de entrada Español en el Caribe (Región)
9 (RLIN) 19028
650 #4 - PUNTO DE ACCESO ADICIONAL DE MATERIA--TÉRMINO DE MATERIA
Término de materia o nombre geográfico como elemento de entrada Islas Canarias
Subdivisión general Emigración e inmigración
9 (RLIN) 19029
651 #4 - PUNTO DE ACCESO ADICIONAL DE MATERIA--NOMBRE GEOGRÁFICO
Nombre geográfico Islas Canarias
Subdivisión general Historia
9 (RLIN) 18525
910 ## - DATOS DE OPCIÓN DEL USUARIO (OCLC)
Datos de opción del usuario DG
942 ## - ELEMENTOS DE PUNTO DE ACCESO ADICIONAL (KOHA)
Fuente del sistema de clasificación o colocación Dewey Decimal Classification
Tipo de ítem Koha Libro
Holdings
Estado de retiro Estado de pérdida Fuente del sistema de clasificación o colocación Restricciones de uso No para préstamo Código de colección Localización permanente Ubicación/localización actual Ubicación en estantería Fecha de adquisición Total de préstamos Signatura topográfica completa Código de barras Fecha visto por última vez Precio válido a partir de Tipo de ítem Koha Número de copia
    Dewey Decimal Classification Excluido de préstamo   Patrimonio Dominicano Biblioteca Nacional Pedro Henríquez Ureña Biblioteca Nacional Pedro Henríquez Ureña En catalogación 24.05.2023   BNPHU PD 972.930 P438h, 2022 2023-2055 24.05.2023 24.05.2023 Libro  
    Dewey Decimal Classification Excluido de préstamo   Patrimonio Dominicano Biblioteca Nacional Pedro Henríquez Ureña Biblioteca Nacional Pedro Henríquez Ureña En catalogación 24.05.2023   BNPHU PD 972.930 P438h, 2022 2023-2056 24.05.2023 24.05.2023 Libro e.2
    Dewey Decimal Classification Préstamo en sala   Dominicana de Servicio Biblioteca Nacional Pedro Henríquez Ureña Biblioteca Nacional Pedro Henríquez Ureña En catalogación 24.05.2023   BNPHU DS 972.930 P438h, 2022 2023-2057 24.05.2023 24.05.2023 Libro e.3

Powered by Koha